000 00419nam a22001337a 4500
005 20140206112933.0
008 140206b xxu||||| |||| 00| 0 eng d
050 _aBV2623.
_bC523 1994
100 _aChervin, Ronda
_98072
245 _aBread from heaven
_bstories of Jews who formed the Messiah
_cChervin, Ronda
260 _aKentucky
_bRemnant of Israel
_c1994
300 _axii, 195p.;
_c22cm.
942 _2lcc
_cMONOGRAPH
999 _c119974
_d119974